Music Quiz

Random Music or Song Quiz

Aaliyah - finish the lyrics Quiz Stats

Quiz not verified by Sporcle

Challenge
Share
Tweet
Embed
Score 0/18 Timer 10:00
0 Plays Today
Lyric Part 1 Lyric Part 2 % Correct
How could you just walk out the door,how could you not love me anymore
66.1%
She would probably leaveyou alone
60.9%
Boy, I've been watching youlike a hawk in the sky
52.3%
Off to collegeyes you went away
49.4%
Did you sleep on the wrong side?I'm catching a bad vibe
40.8%
People always say that I play myself for you,they say that you don't even notice me
33.9%
I can't help if she was a fast one, a sexy one, I'm a classy one
31.6%
If I say no,would you turn away
27%
Could you pick up a phoneand call me at home
26.4%
Lyric Part 1 Lyric Part 2 % Correct
So many things have taken placebefore this love affair began
26.4%
Soak it up and let this funky mellowget you in the groove
23.6%
Now I got myself together baby,and I'm having a ball
17.8%
Take my hand, and come with me,and let me show you to ecstasy
17.2%
I got a crush on youthat is true indeed
16.7%
Back to who I wason to find my future
14.9%
But if you wait a little while longerthis is how it'll be
12.6%
Morning massageswith new borns in your closet
8.6%
I need you to use yourselflike you never ever used to do before
2.3%

You're not logged in!

Compare scores with friends on all Sporcle quizzes.
Sign Up with Email
OR
Log In

You Might Also Like...

Show Comments

Extras

Top Quizzes Today


Score Distribution

Your Account Isn't Verified!

In order to create a playlist on Sporcle, you need to verify the email address you used during registration. Go to your Sporcle Settings to finish the process.